000 01566nam a2200253Ia 4500
008 0000002005 usad 0000000000eng00
020 _a097494212X
090 _aPUS00 H66f
100 1 _aHopkins, Henry T.
245 1 0 _aFrederick Wight
_b: visions of California
_c/ text by Henry T. Hopkins ; essay by Susan C. Larsen ; photography Ed Glendinning
300 _a96 p.
_c/ 28 cm.
500 _aExposición realizada en Louis Stern Fine Arts, Hollywood, abril 16 mayo 28, 2005 \ Proyecto Ganador Programa Apoyos Concertados FGAA 2010
505 _aOBRAS : Three palms Orchid cactus Graptopetalum San Gorgonio Two palms, evening II Palms dusk The garden The new tree Monte Rosa and three palms Short night Morning hours Suddenly afternoon Succulent Four palms and a mountain Entrance to the ranch Blue islands Desert morning Tame palms Looking west Returning day Santa Ana blowing Midwinter Spring Pacific SiX palms Toward morning Garden Plants on patio Eclipse Meditation on mating School of clouds Eight Washingtonians and three moons Washingtonians Mature palms Band
600 0 0 _aWIGHT, FREDERICK S., 19021986/
_xTRABAJOS PICTORICOS
650 1 4 _aARTE CONTEMPORANEO ESTADOUNIDENSE
650 1 4 _aARTISTAS PLASTICOS ESTADOUNIDENSES
650 1 4 _xCATALOGOS
650 1 4 _xEXPOSICIONES
650 1 4 _aPINTORES ESTADOUNIDENSES
650 1 4 _aPINTURA AL OLEO
650 1 4 _aPINTURA ESTADOUNIDENSE
700 1 _aLarsen, Susan C. \ Glendinning, Ed
999 _c11997
_d11997
260 _aWest Hollywood : Louis Stern Fine Arts
_c2005